| 000 | 00804nam a2200205 a 4500 | ||
|---|---|---|---|
| 008 | 100330s2008 ||||||||||||||||| || u | ||
| 020 | _a0131354213 | ||
| 050 | _aHF 5415.2 Bur | ||
| 100 | _aBurns, Alvin C | ||
| 245 | 1 | 0 |
_aBasic marketing research: using Microsoft excel data analysis. (2nd ed.) _cAlvin C. Burns; Ronald F. Bush |
| 250 | _a2nd ed. | ||
| 260 |
_aUpper Saddle River, N. J.: _bPearson Education, Inc _c2008 |
||
| 300 | _axxix, 510p.: ill. | ||
| 350 | _a0.00 | ||
| 650 | 0 | _aMARKETING RESEARCH | |
| 650 | _aMICROSOFT EXCEL (COMPUTER FILE) | ||
| 650 | 0 | _aMARKETING--MANAGEMENT--CASE STUDIES | |
| 700 | _aBush, Ronald F | ||
| 995 |
_D0.00 _FCBU-MAIN LIBRARY (Kitwe) _H1 _I0.00 _M1 _UDAMAGED _WMay 17, 2010 _ZMain Library Open Access Collection |
||
| 999 |
_c35584 _d35584 |
||